A critique of postcolonial reason : toward a history of the vanishing present

Αποθηκεύτηκε σε:
Λεπτομέρειες βιβλιογραφικής εγγραφής
Κύριος συγγραφέας: Spivak, Gayatri Chakravorty
Μορφή: Βιβλίο
Γλώσσα:English
Δημοσίευση: Cambridge, Mass. : Harvard University Press, 1999
Θέματα:
Ετικέτες: Προσθήκη ετικέτας
Δεν υπάρχουν, Καταχωρήστε ετικέτα πρώτοι!

MARC

LEADER 00000nam a2200000 i 4500
001 1/77761
008 080318s1999 eng d
020 |a 0-674-17764-9 
035 |l 10095567 
040 |a GR-MY-UA  |b gre  |e aacr 
041 0 |a eng 
082 0 |a 325.3  |2 (22) 
100 1 |a Spivak, Gayatri Chakravorty. 
245 1 2 |a A critique of postcolonial reason :  |b toward a history of the vanishing present /  |c Gayatri Chakravorty Spivak 
260 |a Cambridge, Mass. :   |b Harvard University Press,   |c 1999 
300 |a xii, 449 σ;  |c 25 εκ. 
504 |a Περιέχει βιβλιογραφικές παραπομπές και ευρετήριο 
650 0 0 |a Postcolonialism. 
650 0 0 |a Feminist criticism. 
650 0 0 |a Women and literature. 
650 0 0 |a Feminism and literature. 
650 0 0 |a Philosophy, Modern  |y 19th century. 
650 0 0 |a Philosophy, Modern  |y 20th century. 
650 0 0 |a Politics and culture. 
650 0 0 |a Feminist theory. 
852 |a INST  |b LESVOS  |e 20080318  |h 325.3 SPI  |p 005100039394  |q 005100039394  |t BK  |y 0 
901 |a BIBL1-2008-1 
909 |a Λ  |b 143095 
922 |a 1ΕΛΗ  |b 200712  |c ΕΠΕΑΕΚ2/ΤΚΑ  |d ΠΑΠΑΣΩΤΗΡΙΟΥ 
970 |a ΚΑΡΑ  |b ΓΙΑΣΕΜΗ  |z 2008/03/18